Statistiques concernant Prix Nobel de Littérature Marquants

Cliquez ici pour prendre le quiz!

Statistiques générales

  • Ce quiz a été pris 55 fois
    (45 depuis la dernière actualisation)
  • Le résultat moyen est 17 sur 43

Statistiques - réponses

AnnéePays du lauréatRéponse% Correct
1964FranceJean-Paul Sartre
93%
1957FranceAlbert Camus
86%
2022FranceAnnie Ernaux
71%
2008France / MauriceJ. M. G. Le Clézio
71%
2014FrancePatrick Modiano
71%
1952FranceFrançois Mauriac
61%
1904FranceFrédéric Mistral
61%
1969IrlandeSamuel Beckett
61%
1921FranceAnatole France
57%
2016Etats-UnisBob Dylan
57%
1982ColombieGabriel García Márquez
57%
1970URSSAlexandre Soljenitsyne
54%
1947FranceAndré Gide
54%
1954Etats-UnisErnest Hemingway
54%
1971ChiliPablo Neruda
46%
1985FranceClaude Simon
43%
1901FranceSully Prudhomme
43%
1953Royaume-UniWinston Churchill
43%
1927FranceHenri Bergson
39%
1929AllemagneThomas Mann
39%
1999AllemagneGünter Grass
36%
1962Etats-UnisJohn Steinbeck
36%
2010Pérou / EspagneMario Vargas Llosa
36%
1937FranceRoger Martin du Gard
36%
1907Royaume-UniRudyard Kipling
36%
1968JaponYasunari Kawabata
36%
1915FranceRomain Rolland
32%
1960FranceSaint-John Perse
32%
1949Etats-UnisWilliam Faulkner
32%
1958URSSBoris Pasternak
29%
1909SuèdeSelma Lagerlöf
29%
1946Suisse (né Allemand)Hermann Hesse
25%
1993Etats-UnisToni Morrison
25%
1990MexiqueOctavio Paz
21%
1913Raj britanniqueRabindranath Tagore
21%
1925IrlandeGeorge Bernard Shaw
18%
2003Afrique du SudJ. M. Coetzee
18%
1934ItalieLuigi Pirandello
18%
1911BelgiqueMaurice Maeterlinck
18%
1988EgypteNaguib Mahfouz
18%
2019AutrichePeter Handke
18%
1983Royaume-UniWilliam Golding
11%
1950Royaume-UniBertrand Russell
7%

Distribution des résultats

Percentile par nombre de réponses

% des personnes avec chaque résultat

Votre développement - résultats

Vous n’avez pas pris ce quiz depuis la dernière actualisation